00794 a2200205 450000500170000000800410001702000190005804000560007704100080013310000220014124500900016326000660025330000210031949000630034050400530040365000380045665000370049465000340053165000230056520140903175027.0140217s2002 xxu frn 001 0 eng d a978-0742523722 aCO-BoUCMbspacJavier GarzóndAldemar Mondragón0 aeng1 aJansen, Sue Curry10aCritical communication Theorybpower, media, gender, and technologycSue Curry Jansen aLanham (Maryland, Estados Unidos)bRowman & Littlefieldc2002 ax, 275 páginas0 aCritical media studies institutions, politics, and culture aIncluye referencias bibliográficas e índices 7aComunicaciónxAspectos sociales 7aMedios de comunicació de masas 7aSociología del conocimiento 7aTeoría crítica